Catálogo
 En Linea

El mercado financiero no tradicional. (Registro nro. 42662)

Detalles MARC
000 -CABECERA
campo de control de longitud fija 00308nam a2200097 a 4500
005 - FECHA Y HORA DE LA ÚLTIMA TRANSACCIÓN
campo de control 20201002040708.0
008 - DATOS DE LONGITUD FIJA--INFORMACIÓN GENERAL
campo de control de longitud fija 140221s1986 000 spa d
040 ## - FUENTE DE LA CATALOGACIÓN
Centro catalogador/agencia de origen DO-SdBNP
245 #3 - MENCIÓN DE TÍTULO
Título El mercado financiero no tradicional.
260 ## - PUBLICACIÓN, DISTRIBUCIÓN, ETC.
Lugar de publicación, distribución, etc. Santo Domingo -- Banco Central de la República Dominicana,
Fecha de publicación, distribución, etc. 1986 -- 139 p.

No hay ítems disponibles.

Con tecnología Koha